000 01012nam a2200289Ia 4500
001 vtls001749969
003 NLI
005 20210628161439.0
008 130612s2012 enk s 001 0 eng
020 _a9781139028615 (ebook)
039 9 _y201306121933
_zgopag
040 _aNLI \b eng
041 0 _aeng
044 _aenk
100 1 _aBerman, Paul Schiff.
_91125825
245 1 0 _aGlobal Legal Pluralism
_h[electronic resource] :
_bA Jurisprudence of Law Beyond Borders /
_cPaul Schiff Berman.
260 _aCambridge :
_bThe University Press,
_c2012
300 _a1 online resource (356 p.)
504 _aIncludes bibliographic references and index
650 0 _aLegal polycentricity
_91124072
856 0 4 _uhttp://dx.doi.org/10.1017/CBO9781139028615
887 _aGopa
904 _aGopa
949 _AVIRTUAITEM
_D10000
_X206
_6EBK000008512ENG
_eEBK8512
942 _2ddc
_cBKS
999 _aVIRTUA
_c1158024
_d1158024
999 _aVTLSSORT0080*0200*0400*0410*0440*1000*2450*2600*3000*5040*6500*8560*9040*9992